<?xml version="1.0" encoding="UTF-8"?>
<collection xmlns="http://www.loc.gov/MARC21/slim">
  <record>
    <leader>00000nam  2200000   4500</leader>
    <controlfield tag="001">INLIS000000000019153</controlfield>
    <controlfield tag="005">20250207032016</controlfield>
    <datafield tag="035" ind1="#" ind2="#">
      <subfield code="a">0010-0225000110</subfield>
    </datafield>
    <controlfield tag="007">ta</controlfield>
    <controlfield tag="008">250207################g##########0#ind##</controlfield>
    <datafield tag="100" ind1=" " ind2="#">
      <subfield code="a">Falih Suaedi</subfield>
    </datafield>
    <datafield tag="245" ind1="1" ind2="#">
      <subfield code="a">Dinamika Manajemen Strategis Sektor Publik di Era Perubahan /</subfield>
      <subfield code="c">Falih Suaedi</subfield>
    </datafield>
    <datafield tag="260" ind1="#" ind2="#">
      <subfield code="a">Surabaya :</subfield>
      <subfield code="b">Airlangga University Press,</subfield>
      <subfield code="c">2020</subfield>
    </datafield>
    <datafield tag="300" ind1="#" ind2="#">
      <subfield code="a">ix, 201 hlm. :</subfield>
      <subfield code="b">ill. ;</subfield>
      <subfield code="c">2.7 MB</subfield>
    </datafield>
    <datafield tag="020" ind1="#" ind2="#">
      <subfield code="a">978-602-473-361-2</subfield>
    </datafield>
    <datafield tag="082" ind1="#" ind2="#">
      <subfield code="a">658.401 2</subfield>
    </datafield>
    <datafield tag="084" ind1="#" ind2="#">
      <subfield code="a">658.401 2 FAL d</subfield>
    </datafield>
    <datafield tag="856" ind1="#" ind2="#">
      <subfield code="a">https://web-ipustakalan.moco.co.id/book/bb01be02-e12f-45dd-bdba-9f7982577889</subfield>
    </datafield>
    <datafield tag="520" ind1="#" ind2="#">
      <subfield code="a">Buku ini membahas tentang definisi dari manajemen strategis dan pendekatan manajemen strategis beserta posisi manajemen strategis dalam sektor publik. Selain itu, buku ini juga menjelaskan proses manajemen strategis secara umum dan model manajemen strategis sektor publik sebagai pandangan awal bagi pembaca mengenai apa yang dimaksud manajemen strategis dalam sektor publik. Pembaca juga akan mengetahui bagaimana mengidentifikasi lingkungan strategis serta cara untuk menganalisisnya.</subfield>
    </datafield>
    <datafield tag="990" ind1="#" ind2="#">
      <subfield code="a">2024/4/A/0130</subfield>
    </datafield>
    <datafield tag="990" ind1="#" ind2="#">
      <subfield code="a">2024/4/A/0131</subfield>
    </datafield>
  </record>
</collection>
